| Tag |
First Indicator |
Second Indicator |
Subfields |
| LEADER |
00000cam a22000001i 4500 |
| 001 |
in00003943708 |
| 006 |
m d f |
| 007 |
cr bn mmmapmmp |
| 008 |
441008s1944 dcu o f000 0 eng d |
| 005 |
20250210231455.1 |
| 035 |
|
|
|a ebd1943006801
|
| 040 |
|
|
|a UMI
|c UMI
|e rda
|d UtOrBLW
|
| 086 |
0 |
|
|a C 13.20:116
|
| 099 |
|
|
|a C13.20..116
|
| 110 |
1 |
|
|a United States.
|b National Bureau of Standards.
|0 http://id.loc.gov/authorities/names/n79021148
|
| 245 |
1 |
0 |
|a Bituminized-Fibre Drain and Sewer Pipe.
|
| 264 |
|
1 |
|a [Washington] :
|b [s.n.],
|c 1944.
|
| 300 |
|
|
|a 1 online resource (14 pages), digital, PDF file
|
| 336 |
|
|
|a text
|b txt
|2 rdacontent
|
| 337 |
|
|
|a computer
|b c
|2 rdamedia
|
| 338 |
|
|
|a online resource
|b cr
|2 rdacarrier
|
| 500 |
|
|
|a Includes tables and illustrations.
|
| 533 |
|
|
|a Electronic reproduction.
|b [Bethesda, Md.] :
|c ProQuest,
|d 2017
|e digital, PDF file.
|n ProQuest U.S. Executive Branch Documents
|n Mode of access: World Wide Web via ProQuest website.
|
| 588 |
|
|
|a Record is based on online resource; title from PDF title page (ProQuest, last viewed Jan. 2017). Reuse except for individual research requires license from ProQuest, LLC.
|
| 650 |
|
0 |
|a Pipelines.
|0 http://id.loc.gov/authorities/subjects/sh85102372
|
| 650 |
|
0 |
|a Plumbing
|x Equipment and supplies.
|0 http://id.loc.gov/authorities/subjects/sh85103553
|
| 650 |
|
0 |
|a Weights and measures.
|0 http://id.loc.gov/authorities/subjects/sh85145963
|
| 856 |
4 |
0 |
|u http://proxy.library.tamu.edu/login?url=http://congressional.proquest.com/congressional/docview/t66.d71.c13.20..116?
|y Electronic resource (PDF)
|t 0
|
| 999 |
f |
f |
|s b01e0ef6-f2c8-396a-94d2-39c7f5bab7f2
|i 15fa3ef4-80cb-3d73-9975-0eeaef4714c0
|t 0
|
| 952 |
f |
f |
|a Texas A&M University
|b College Station
|c Electronic Resources
|d Available Online
|t 0
|h No information provided
|
| 998 |
f |
f |
|t 0
|l Available Online
|